Jac Leirner in conversation with Adele Nelson

שמור ב:
מידע ביבליוגרפי
מחבר ראשי: Storr, Robert (Author)
פורמט: ספר
שפה:אנגלית
ספרדית
יצא לאור: Nueva York Fundación Cisneros 2011
מהדורה:1a. ed
סדרה:Colección Patricia Phelps de Cisneros
נושאים:
תגים: הוספת תג
אין תגיות, היה/י הראשונ/ה לתייג את הרשומה!

MARC

LEADER 00000cam a2200000 a 4500
001 UCC0317
003 CL-VaPUC
008 170804e20110000us |||||||||||||||||eng|d
020 |a 9780982354445 
041 0 7 |a eng  |2 CL-VaPUC 
041 0 7 |a spa  |2 CL-VaPUC 
082 0 4 |a 735.2340  |b STO  |2 21 
100 0 |a Storr, Robert  |e author  |9 594224 
245 1 0 |a Jac Leirner in conversation with Adele Nelson 
250 |a 1a. ed 
300 |a 199 p 
942 |c BK 
945 |d 20170804 10:38:00  |a dcastane 
260 |a Nueva York  |b Fundación Cisneros  |c 2011 
650 0 |a Arte conceptual  |9 341272 
650 0 |a Arte contemporáneo  |9 338008 
583 |a last modification  |c 20170804 10:38:00  |k Rodrigo Vera 
490 0 |a Colección Patricia Phelps de Cisneros 
999 |c 369178  |d 369176 
952 |0 0  |1 0  |3 erd  |4 0  |6 735_234000000000000_STO_2011  |7 0  |8 R  |9 484769  |a BIBART  |b BIBART  |i 5412641  |o 735.2340 STO 2011  |p 5412641  |r 2025-03-13  |w 2019-11-24  |y BK_R  |z Catalogado en:20170804  |k ART